000
00324 a2200157 4500
001
57269
020
_a
8520904149
040
_c
Anchieta - Pituba
100
_a
Pessoa, Pedro
240
1
0
_a
É só querer
_l
por
245
1
0
_a
É só querer
300
_a
117
362
0
_a
1993
650
4
_a
Literatura juvenil
942
_c
BK
999
_c
57269
_d
57269